00591nam a2200145Ia 4500999001500000020001800015082001500033245002800048260005600076300001300132650001200145700002100157942000700178952026000185 c8586d8586 a9789383445271 a959.1 mya- 0aMyanmar mein parivartan aNew DelhibVishwa Mamlo ke Bharatiya Parishadc2015 axx, 169p aMynamar aBhatia, Rajiv K. cBK 00102ddc40708Hindi BooksaNASSDOCbNASSDOCd2015-11-24eGifted by : Indian Council of World Affai2014-11-19l0o959.1 mya-p48844r2019-04-18 00:00:00w2019-04-18yBKzहिंदी पुस्तकों पर विशेष संग्रह